[Event "4th Timisoara Cup B"]
[Site "Timisoara ROM"]
[Date "2009.08.02"]
[Round "2"]
[White "Mocanu,Se"]
[Black "Suciu,DS"]
[Result "0-1"]
[WhiteElo "2137"]
[BlackElo "2095"]

1.d4 d5 2.Nf3 Nf6 3.c4 c6 4.Nc3 a6 5.c5 Bf5 6.Bf4 Nbd7 7.h3 h6 8.e3 e6 9.Bd3 Bxd3
10.Qxd3 Be7 11.O-O O-O 12.b4 Qc8 13.a4 Bd8 14.Ne5 Bc7 15.Nxd7 Qxd7 16.Rab1 Rfe8
17.Bxc7 Qxc7 18.f4 Nd7 19.e4 f6 20.f5 Nf8 21.fxe6 dxe4 22.Nxe4 Rad8 23.Nd6 Rxe6
24.Qc4 Kh7 25.d5 cxd5 26.Qxd5 Qc6 27.Qd3+ Kg8 28.Qb3 Kh7 29.Rfe1 Rxe1+ 30.Rxe1 Ng6
31.Qd3 Qxa4 32.Qe4 Rd7 33.Qb1 Qc6 34.Qd3 a5 35.Qb3 axb4 36.Qxb4 b6 37.Ne4 f5
38.Ng3 bxc5 39.Qb1 Rd2 40.Re2 Rxe2 41.Nxe2 Qd5 42.Ng3 Nh4  0-1

[Event "Open"]
[Site "Kavala GRE"]
[Date "2009.08.03"]
[Round "4"]
[White "Rychagov,A"]
[Black "Andriasian,Z"]
[Result "1/2-1/2"]
[WhiteElo "2534"]
[BlackElo "2585"]

1.d4 d5 2.c4 c6 3.Nf3 Nf6 4.Nc3 a6 5.Ne5 e6 6.Bf4 dxc4 7.Nxc4 b5 8.Ne5 Bb7
9.e3 c5 10.dxc5 Qxd1+ 11.Rxd1 Bxc5 12.Be2  1/2-1/2

[Event "Centroamericano & Caribbean U20"]
[Site "Medellin COL"]
[Date "2009.08.04"]
[Round "9"]
[White "Diaz Ordonez,C"]
[Black "Torres,Ju2"]
[Result "1/2-1/2"]
[WhiteElo "2373"]
[BlackElo "2155"]

1.d4 d5 2.c4 c6 3.Nf3 Nf6 4.Nc3 a6 5.c5 Bf5 6.Bf4 Nbd7 7.h3 h6 8.e3 g5 9.Bg3 Bg7
10.Bd3 Ne4 11.Bxe4 dxe4 12.Nd2 Nf6 13.Be5 O-O 14.g4 Bg6 15.h4 Qd7 16.Bxf6 exf6
17.Ndxe4 f5 18.gxf5 Qxf5 19.hxg5 hxg5 20.Nd6 Qe6 21.Na4 b5 22.Nc3 Rfd8 23.Rg1 Bf6
24.Qg4 Qxg4 25.Rxg4 Be7 26.Rg1 f5 27.O-O-O Kg7 28.Nb7 Rd7 29.Na5 Rc8 30.b4 Bf6
31.a4 f4 32.exf4 Rxd4 33.fxg5 Be5 34.Rxd4 Bxd4 35.Nd1 bxa4 36.Rg3 Be5 37.Ra3 Bf4+
38.Ne3 Bxg5 39.Rxa4 Rf8 40.Ra2 Rxf2 41.Rxf2 Bxe3+ 42.Rd2 Be4 43.Nc4 Bxd2+
44.Kxd2 Kf6 45.Kc3 Ke6 46.Nb6 Bf3 47.Kb3 Bd1+ 48.Ka3 Bc2 49.Nc4 Bd3 50.Kb3 Be2
51.Ne3 Bb5 52.Nc4 Kd5  1/2-1/2

[Event "GMA"]
[Site "Peterhof RUS"]
[Date "2009.08.04"]
[Round "2"]
[White "Terekhov,A"]
[Black "Lavretzkij,R"]
[Result "1/2-1/2"]
[WhiteElo "2301"]
[BlackElo "2313"]

1.d4 d5 2.c4 c6 3.Nf3 Nf6 4.Nc3 a6 5.a4 e6 6.g3 c5 7.cxd5 cxd4 8.Nxd4 Nxd5
9.Bd2 e5 10.Nf3 Nc6 11.Bg2 Ndb4 12.O-O Be7 13.Be3 Bf5 14.Qxd8+ Rxd8 15.Rad1  1/2-1/2

[Event "FSIMB August"]
[Site "Budapest HUN"]
[Date "2009.08.05"]
[Round "5"]
[White "Balazs,G2"]
[Black "To,N"]
[Result "1/2-1/2"]
[WhiteElo "2277"]
[BlackElo "2366"]

1.d4 d5 2.c4 c6 3.Nf3 Nf6 4.Nc3 a6 5.c5 Nbd7 6.Bf4 Nh5 7.Qd2 g6 8.Bh6 Ng7
9.e4 Nf6 10.exd5 Nxd5 11.Bc4 Be6 12.O-O Nxc3 13.Qxc3 Bxc4 14.Qxc4 Nf5 15.Bxf8 Kxf8
16.b4 e6 17.a4 Kg7 18.b5 Qd7 19.bxc6 Qxc6 20.Rab1 Rhd8 21.Rb6 Qd5 22.Qxd5 Rxd5
23.Rd1 Rad8 24.Rxb7 Nxd4 25.Nxd4 Rxd4 26.Rxd4 Rxd4 27.g3 Rxa4 28.c6 Rc4 29.c7 g5
30.h3 h6 31.Ra7 a5 32.Kg2 a4 33.Rxa4 Rxc7 34.h4 Rc2 35.hxg5 hxg5 36.Kf3 Kg6
37.Ra5 Rc3+ 38.Kg2 f5 39.Ra6 Kf6 40.Ra5 Rc2 41.Rb5 Rd2 42.Ra5 g4 43.Rb5 Re2
44.Ra5 Re1 45.Rb5 Ra1 46.Rc5 Ra6 47.Rb5 Rd6 48.Ra5 e5 49.Ra8 f4 50.gxf4 exf4
51.Rg8 Kf5 52.Rf8+ Kg5 53.Rg8+ Rg6 54.Rf8 Rh6 55.Rg8+ Kh5 56.f3 g3 57.Rg4 Rf6
58.Kg1 Kh6 59.Kg2 Rf5 60.Kg1  1/2-1/2

[Event "Open"]
[Site "Kavala GRE"]
[Date "2009.08.07"]
[Round "8"]
[White "Sandipan,C"]
[Black "Volkov,Sergey1"]
[Result "1/2-1/2"]
[WhiteElo "2585"]
[BlackElo "2607"]

1.d4 d5 2.c4 c6 3.Nf3 Nf6 4.Nc3 a6 5.a4 e6 6.Bg5 a5 7.e3 Be7 8.Be2 O-O 9.O-O Na6
10.Ne5 Nb4 11.Na2 Nxa2 12.Rxa2 Nd7 13.Bxe7 Qxe7 14.f4 f6 15.Nxd7 Bxd7 16.Qb3 Be8
17.Qa3 Rf7 18.Raa1 Qxa3 19.Rxa3 Re7 20.Rb3 dxc4 21.Bxc4 b5 22.Bd3 bxa4 23.Rb6 Raa7
24.Ra1 Reb7 25.Rxb7 Rxb7 26.Rxa4 Rxb2 27.Bc4 Kf8 28.Rxa5  1/2-1/2

[Event "GMA"]
[Site "Peterhof RUS"]
[Date "2009.08.07"]
[Round "8"]
[White "Fedoseev,Vl3"]
[Black "Lavretzkij,R"]
[Result "1-0"]
[WhiteElo "2322"]
[BlackElo "2313"]

1.Nf3 d5 2.d4 Nf6 3.c4 c6 4.Nc3 a6 5.e3 b5 6.cxd5 cxd5 7.Ne5 e6 8.Bd3 Nbd7
9.f4 Bb7 10.O-O Ne4 11.Qf3 Ndf6 12.f5 exf5 13.Qxf5 Qc8 14.Bxe4 dxe4 15.Qg5 Qe6
16.Bd2 h6 17.Qg3 Nh5 18.Qf2 Nf6 19.Ne2 Bd6 20.Ng3 Bxe5 21.dxe5 Ng4 22.Nf5 O-O-O
23.Qe2 Nxe5 24.Nd4 Qg6 25.Kh1 Nd3 26.a4 bxa4 27.Ba5 Rd5 28.Rxa4 Kb8 29.Bc3 Rc8
30.Nb3 Rf5 31.Na5 Rcc5 32.Raa1 Rxf1+ 33.Rxf1 Rf5 34.Rxf5 Qxf5 35.Nxb7 Kxb7
36.Bxg7 h5 37.Bd4 Qg5 38.Kg1 f5 39.Qc2 Qg8 40.Qd1 f4 41.exf4 Nxf4 42.Qd2 Nd3
43.Qh6 Qd5 44.Qb6+ Kc8 45.Qxa6+ Kd7 46.Qa7+ Ke6 47.Qa6+ Kd7 48.Qa7+ Ke6 49.h3 Nf4
50.Be3 Qd1+ 51.Kh2 Nd5 52.Qh7 Qc2 53.Qg8+ Kd6 54.Qd8+ Ke6 55.Qe8+ Kd6 56.Bd4 Ne7
57.Qxh5 Nc6 58.Bc3 Qd3 59.Qg6+ Kd5 60.h4 Nd4 61.h5 Ne2 62.h6 Qe3 63.Qf5+ Kc4
64.Qe6+ Kc5 65.Qc8+ Kb6 66.Qd8+ Kc6 67.Qf6+ Kc5 68.Bd4+ Nxd4 69.h7 Ne2 70.Qe5+ Kc4
71.h8=Q Qg1+ 72.Kh3 Qh1+ 73.Qh2 Nf4+ 74.Kg4  1-0

[Event "80th Jubilee Viktor Kart"]
[Site "Lviv UKR"]
[Date "2009.08.08"]
[Round "5"]
[White "Soloviova,L"]
[Black "Stips,F"]
[Result "0-1"]
[WhiteElo "2259"]
[BlackElo "2240"]

1.d4 d5 2.c4 c6 3.Nc3 Nf6 4.Nf3 a6 5.e3 b5 6.c5 g6 7.Be2 Bg7 8.Ne5 O-O 9.O-O Nfd7
10.f4 Nxe5 11.fxe5 f6 12.exf6 exf6 13.Bd2 a5 14.a3 Ra7 15.Be1 Re7 16.e4 dxe4
17.Bg3 f5 18.Bd6 Re6 19.d5 Rxd6 20.cxd6 Qxd6 21.dxc6 Qc5+ 22.Kh1 b4 23.axb4 axb4
24.Qb3+ Kh8 25.Na4 Qxc6 26.Qxb4 Nd7 27.Rac1 Qf6 28.Qd2 Ne5 29.Nc5 Qh4 30.Qe1 Qe7
31.b4 e3 32.b5 f4 33.b6 g5 34.Ne4 Nd7 35.Bd3 Nxb6 36.Qa5 Bf5 37.Qxb6 Bxe4
38.Rc7 Qe5 39.Bxe4 Qxe4 40.Qb1 e2 41.Re1 Qxb1 42.Rxb1 g4 43.Re7 f3 44.gxf3 gxf3
45.Re1 Bd4 46.R1xe2 fxe2 47.Rxe2 Kg7 48.Kg2 h5 49.Rd2 Be5 50.Re2 Rf5 51.Rf2 Bf4
52.Ra2 Kg6 53.Ra6+ Kg5 54.Ra8 Rb5 55.Ra2 Rb3 56.Rf2 Rb4 57.Ra2 Rb3 58.Rf2 Kg4
59.h3+ Kg5 60.Rf3 Rb5 61.Rf2 Kf5 62.Rf1 h4 63.Rf2 Ke4 64.Ra2 Rg5+ 65.Kh1 Kf3
66.Ra3+ Be3 67.Kh2 Rg2+ 68.Kh1 Re2 69.Ra2 Re1+ 70.Kh2 Bf4+  0-1

[Event "2nd WCT GM"]
[Site "Moscow RUS"]
[Date "2009.08.08"]
[Round "1"]
[White "Meessen,R"]
[Black "Aldokhin,I"]
[Result "0-1"]
[WhiteElo "2334"]
[BlackElo "2342"]

1.d4 d5 2.c4 c6 3.Nf3 Nf6 4.Nc3 a6 5.c5 Nbd7 6.Bf4 Nh5 7.Bg5 h6 8.Bd2 Qc7
9.e4 dxe4 10.Nxe4 Ndf6 11.Nxf6+ Nxf6 12.Bc4 Bf5 13.O-O e6 14.Ne5 Rd8 15.Bf4 Qc8
16.b4 Be7 17.a4 O-O 18.a5 Nd5 19.Bd2 Bf6 20.Qf3 Qc7 21.Rfe1 Nxb4 22.Bxb4 Rxd4
23.Bc3 Bxe5 24.Bxd4 Bxd4 25.g4 Bxa1 26.gxf5 Qxa5 27.Re4 exf5 28.Qxf5 Qc7
29.Re1 Bd4 30.Re4 Qd8 31.Rf4 Bf6 32.Bd3 Re8 33.Qh7+ Kf8 34.Bf5 Re1+ 35.Kg2 Qd5+
36.Be4 Qg5+ 37.Kf3 Qh5+ 38.Kg2 Qd1 39.Bf3 Rg1+ 40.Kh3 Qf1+  0-1

[Event "Arctic Chess Challenge"]
[Site "Tromso NOR"]
[Date "2009.08.08"]
[Round "8"]
[White "Hagen,Ande"]
[Black "Tikkanen,K"]
[Result "1/2-1/2"]
[WhiteElo "2132"]
[BlackElo "2283"]

1.d4 d5 2.Nf3 Nf6 3.c4 c6 4.Nc3 a6 5.e3 b5 6.c5 g6 7.Qb3 Bg7 8.a4 Bb7 9.axb5 axb5
10.Rxa8 Bxa8 11.Ne5 O-O 12.Be2 Nfd7 13.f4 Nxe5 14.fxe5 Bb7 15.O-O Na6 16.e4 dxe4
17.Be3 Bc8 18.Nxe4 Be6 19.Qa3 Nc7 20.Bf2 Qa8 21.Ra1 Qxa3 22.Rxa3 Ra8 23.Rxa8+ Nxa8
24.Nc3  1/2-1/2

[Event "80th Jubilee Viktor Kart"]
[Site "Lviv UKR"]
[Date "2009.08.11"]
[Round "9"]
[White "Nester,I"]
[Black "Stips,F"]
[Result "1-0"]
[WhiteElo "2390"]
[BlackElo "2240"]

1.Nf3 d5 2.d4 Nf6 3.c4 c6 4.Nc3 a6 5.cxd5 cxd5 6.Bf4 Nc6 7.Rc1 e6 8.e3 Be7
9.h3 O-O 10.Bd3 b5 11.O-O Bb7 12.Qe2 Rc8 13.Rfd1 Na5 14.Ne5 Ne4 15.Bb1 f6
16.Nd3 g5 17.Bh2 f5 18.Nxe4 fxe4 19.Ne5 Nc4 20.Qg4 Nxe5 21.Bxe5 Qb6 22.f3 Rf5
23.Rxc8+ Bxc8 24.fxe4 Rxe5 25.dxe5 Qxe3+ 26.Kh1 d4 27.Rf1 Bd7 28.Qh5  1-0

[Event "2nd WCT GM"]
[Site "Moscow RUS"]
[Date "2009.08.12"]
[Round "5"]
[White "Bagirov,R"]
[Black "Aldokhin,I"]
[Result "1/2-1/2"]
[WhiteElo "2467"]
[BlackElo "2342"]

1.d4 d5 2.Nf3 Nf6 3.c4 c6 4.Nc3 a6 5.c5 Nbd7 6.Bf4 Nh5 7.Bg5 h6 8.Bd2 Qc7
9.e4 dxe4 10.Nxe4 Ndf6 11.Nxf6+ Nxf6 12.Bc4 Bf5 13.O-O e6 14.Qe1 Be7 15.Ba5 Qc8
16.Ne5 O-O 17.Rd1 Bd8 18.Bb3 Be4 19.Bxd8 Rxd8 20.f4 Bd5 21.Bc2 Nd7 22.Qh4 Re8
23.Rd3 Be4 24.Rg3 Bxc2 25.f5 Nxe5 26.dxe5 Kh7 27.Rxg7+ Kxg7 28.Qf6+ Kg8 29.Qxh6 Bxf5
30.Rxf5 exf5 31.Qg5+ Kf8  1/2-1/2

[Event "XVIII TCh-MKD"]
[Site "Struga MKD"]
[Date "2009.08.13"]
[Round "4"]
[White "Chatalbashev,B"]
[Black "Stamenkov,V"]
[Result "1-0"]
[WhiteElo "2548"]
[BlackElo "2342"]

1.d4 d5 2.c4 c6 3.Nf3 Nf6 4.Nc3 a6 5.c5 b6 6.cxb6 Qxb6 7.e3 e6 8.Bd3 Nbd7
9.O-O c5 10.b3 cxd4 11.exd4 Bd6 12.Bb2 Bb7 13.Re1 O-O 14.Rc1 Rfc8 15.Ne5 Rc7
16.Qe2 Nf8 17.Na4 Qa7 18.Rxc7 Bxc7 19.Nc5 Bd6 20.b4 Qb6 21.a3 Bc8 22.Rc1 a5
23.b5 Bd7 24.g4 Be8 25.g5 N6d7 26.Ncxd7 Bxd7 27.f4 Be8 28.a4 Qd8 29.Qg4 Rc8
30.Rf1 Bb4 31.f5 Bc3 32.fxe6 Nxe6 33.Bxh7+ Kxh7 34.g6+ fxg6 35.Qh3+ Kg8 36.Qxe6+ Kh7
37.Qh3+ Kg8 38.Bxc3  1-0

[Event "Yoel Geva YTGM"]
[Site "Tel Aviv ISR"]
[Date "2009.08.13"]
[Round "5"]
[White "Bykhovsky,An ISR"]
[Black "Bykhovsky,Av"]
[Result "1-0"]
[WhiteElo "2487"]
[BlackElo "2396"]

1.d4 d5 2.c4 c6 3.Nf3 Nf6 4.Nc3 a6 5.c5 Bf5 6.Bf4 Nbd7 7.Nh4 Be6 8.e3 h6
9.Bg3 g5 10.Nf3 Nh5 11.Be2 Nxg3 12.hxg3 Bg7 13.Qc2 Qc7 14.O-O-O O-O-O 15.b4 Bg4
16.a4 e6 17.Qb3 Bf5 18.Rd2 Rde8 19.Na2 Kd8 20.b5 Ke7 21.b6 Qc8 22.Bd3 Bxd3
23.Qxd3 f5 24.Nc3 Rhf8 25.g4 fxg4 26.Nh2 Nf6 27.e4 dxe4 28.Nxe4 Nxe4 29.Qxe4 h5
30.Nf1 h4 31.Ne3 Rf4 32.Qg6 Bf6 33.Re1 Kd7 34.g3 hxg3 35.fxg3 Rf3 36.Nxg4 Qb8
37.Nxf6+ Rxf6 38.Qxf6 Qxg3 39.Qe5  1-0

[Event "A2Bmedialtd.com Int Gp C"]
[Site "Uxbridge ENG"]
[Date "2009.08.13"]
[Round "3"]
[White "Arkell,K"]
[Black "Byron,A"]
[Result "1-0"]
[WhiteElo "2521"]
[BlackElo "2173"]

1.d4 d5 2.c4 c6 3.Nf3 Nf6 4.Nc3 a6 5.e3 b5 6.b3 Bg4 7.Be2 e6 8.O-O Nbd7 9.a4 b4
10.Nb1 a5 11.Nbd2 Bd6 12.Bb2 O-O 13.Rc1 Qb8 14.h3 Bf5 15.Nh4 Be4 16.cxd5 cxd5
17.Bb5 Rd8 18.Qe2 Nf8 19.Nhf3 Ng6 20.Nxe4 Nxe4 21.Rc2 f5 22.Rfc1 Rf8 23.Bd7 Kf7
24.Ne5+ Bxe5 25.dxe5 Ra7 26.Bb5 Kg8 27.Bd4 Raf7 28.f4 Ne7 29.Bd7 g5 30.Bxe6  1-0

[Event "Yoel Geva YTGM"]
[Site "Tel Aviv ISR"]
[Date "2009.08.14"]
[Round "6"]
[White "Nedobora,M"]
[Black "Bykhovsky,Av"]
[Result "1/2-1/2"]
[WhiteElo "2391"]
[BlackElo "2396"]

1.d4 d5 2.c4 c6 3.Nf3 Nf6 4.Nc3 a6 5.cxd5 cxd5 6.Bf4 Bf5 7.e3 Nc6 8.Be2 e6
9.O-O Bd6 10.Bxd6 Qxd6  1/2-1/2

[Event "16th Vienna Open"]
[Site "Vienna AUT"]
[Date "2009.08.17"]
[Round "3"]
[White "Vyskocil,N"]
[Black "Schulz,M2"]
[Result "1-0"]
[WhiteElo "2347"]
[BlackElo "2245"]

1.d4 d5 2.c4 c6 3.Nc3 Nf6 4.Nf3 a6 5.e3 Bg4 6.cxd5 cxd5 7.Qb3 b5 8.Ne5 e6
9.Nxb5 Nbd7 10.Nxd7 Nxd7 11.Nc3 Bd6 12.Bd3 O-O 13.h3 Bh5 14.Qc2 f5 15.Bd2 Qh4
16.Ne2 Bxe2 17.Bxe2 Rfc8 18.Qd1 Nf6 19.Bd3 g5 20.Rc1 f4 21.exf4 Bxf4 22.Bxf4 Qxf4
23.Rxc8+ Rxc8 24.O-O Kg7 25.Qe2 Qxd4 26.Qxe6 Re8 27.Qxa6 h5 28.Qb7+ Kh6 29.Qf7 Rg8
30.Re1 Rg7 31.Qf8 Ne4 32.Qh8+ Kg6 33.Bxe4+  1-0

[Event "16th Vienna Open"]
[Site "Vienna AUT"]
[Date "2009.08.18"]
[Round "4"]
[White "Bukal,V jr"]
[Black "Shumilina,A"]
[Result "1-0"]
[WhiteElo "2394"]
[BlackElo "2265"]

1.d4 d5 2.c4 c6 3.Nf3 Nf6 4.Nc3 a6 5.a4 Bf5 6.Qb3 Ra7 7.a5 e6 8.Qb6 Qxb6
9.axb6 Ra8 10.c5 Ne4 11.Nxe4 dxe4 12.Nd2 e5 13.e3 Nd7 14.Nb3 g6 15.Na5 Rb8
16.b4 Bg7 17.Bb2 O-O 18.Bc4 exd4 19.Bxd4 Bxd4 20.exd4 Nf6 21.Bxa6 bxa6 22.Nxc6 Rb7
23.Rxa6 Nd5 24.Kd2 Bd7 25.b5 Bxc6 26.bxc6 Re7 27.Rha1 Kg7 28.Ra8 Ree8 29.Rxe8 Rxe8
30.Ra7 Nb4 31.c7 Nd5 32.Rb7 Ra8 33.Rb8 Ra2+ 34.Kc1  1-0

[Event "16th Vienna Open"]
[Site "Vienna AUT"]
[Date "2009.08.19"]
[Round "5"]
[White "Vyskocil,N"]
[Black "Butuc,M"]
[Result "1/2-1/2"]
[WhiteElo "2347"]
[BlackElo "2186"]

1.d4 d5 2.c4 c6 3.Nc3 Nf6 4.Nf3 a6 5.c5 g6 6.Bf4 Bg7 7.h3 O-O 8.e3 Nbd7 9.Be2 Ne8
10.O-O Nc7 11.b4 Re8 12.Qd2 e5 13.dxe5 Nxe5 14.Nxe5 Bxe5 15.Bxe5 Rxe5 16.e4 Re8
17.Rad1 Be6 18.Qf4 Qe7 19.Bf3 Rad8 20.exd5 Nxd5 21.Nxd5 Bxd5 22.Bxd5 cxd5
23.Qd4 Qe4 24.a3 Re6 25.Rd3 Qf5 26.Rf3 Re4 27.Qd3 Qe6 28.Re3  1/2-1/2

[Event "5th Geller Mem Open A"]
[Site "Odessa UKR"]
[Date "2009.08.22"]
[Round "3"]
[White "Nedilko,V"]
[Black "Shagbazyan,Tar"]
[Result "1-0"]
[WhiteElo "2414"]
[BlackElo "2209"]

1.d4 d5 2.c4 c6 3.Nf3 Nf6 4.Nc3 a6 5.a4 g6 6.e3 Bg7 7.Bd3 O-O 8.O-O c5 9.dxc5 dxc4
10.Bxc4 Qa5 11.Qb3 Qxc5 12.e4 Nc6 13.Be3 Qh5 14.Be2 Ng4 15.Bf4 Qc5 16.Rac1 e5
17.Nd5 Qd6 18.Bd2 Nf6 19.Nxf6+ Bxf6 20.Bc4 Qe7 21.Bd5 Be6 22.Bxe6 fxe6 23.Be3 Rfd8
24.Bb6 Rd7 25.Qc4 Re8 26.Bc5 Qd8 27.b4 Qb8 28.Rfe1 b5 29.Qa2 bxa4 30.Qxa4 Qb5
31.Ra1 Rb7 32.Qxa6 Nxb4 33.Bxb4 Qxa6 34.Rxa6 Rxb4 35.h4 Kf7 36.Ra5 Reb8 37.Nxe5+ Bxe5
38.Rxe5 Rb1 39.Rxb1 Rxb1+ 40.Kh2 Rb4 41.f3 Kf6 42.Ra5 Rb2 43.h5 Rc2 44.Kh3 Rf2
45.hxg6 hxg6 46.Kg3 Re2 47.Kh3 Rf2 48.Ra3 Kg5 49.Ra8 Kf6 50.Ra5 g5 51.Ra3 Rb2
52.g3 Rb5 53.Kg4 Rc5 54.Ra7 Rb5 55.Rh7 Kg6 56.Rh5 Re5 57.Rh8 Rb5 58.Rg8+ Kf6
59.Kh5 Rb3 60.Kg4 Rb5 61.Rh8 Kg6 62.Rf8 Ra5 63.f4 gxf4 64.gxf4 Kg7 65.Rd8 Ra1
66.Rd7+ Kg6 67.Rd6 Rg1+ 68.Kf3 Rf1+ 69.Ke3 Re1+ 70.Kd4 Kf6 71.f5 Rd1+ 72.Kc5 Rxd6
73.Kxd6 exf5 74.e5+  1-0

[Event "5th Geller Mem Open A"]
[Site "Odessa UKR"]
[Date "2009.08.23"]
[Round "4"]
[White "Dmitrenko,V"]
[Black "Baranov,J"]
[Result "0-1"]
[WhiteElo "2375"]
[BlackElo "2163"]

1.Nf3 d5 2.d4 Nf6 3.c4 c6 4.Nc3 a6 5.c5 Nbd7 6.Bf4 Nh5 7.Bg5 h6 8.Bd2 g6
9.Qc2 e5 10.dxe5 Nxc5 11.b4 Bf5 12.Qb2 Ne6 13.h3 d4 14.Na4 Be4 15.Qc1 g5
16.a3 b5 17.Nb2 Qd5 18.Nd3 Bg7 19.g4 Bxd3 20.gxh5 Be4 21.Rg1 d3 22.Rg3 O-O
23.h4 Bxf3 24.hxg5 dxe2 25.gxh6 exf1=Q+ 26.Kxf1 Bxh5 27.hxg7 Qh1+ 28.Rg1 Qh3+
29.Ke1 Rfd8 30.Be3 Rd3 31.Bb6 Qf3 32.Kf1 Nf4 33.Qc2 Re8 34.Bc7 Qh3+ 35.Ke1 Ng2+  0-1

[Event "16th Vienna Open"]
[Site "Vienna AUT"]
[Date "2009.08.23"]
[Round "9"]
[White "Enoeckl,P"]
[Black "Gatterer,F"]
[Result "1/2-1/2"]
[WhiteElo "2216"]
[BlackElo "2323"]

1.d4 d5 2.c4 c6 3.Nc3 Nf6 4.Nf3 a6 5.c5 Bf5 6.Bf4 Nbd7 7.e3 Nh5 8.Nh4 Nxf4
9.Nxf5 Ng6 10.f4 e6 11.Ng3 Nh4 12.Qc2 g6 13.Bd3 Bg7 14.O-O Nf5 15.Nxf5 exf5
16.b4 O-O 17.Rf3 Re8 18.Kh1 Re6 19.Rb1 Qe7 20.Nd1 Re8 21.h3 Nf6 22.a4 h5
23.Rb3 h4 24.b5 axb5 25.axb5 Nh5 26.Kh2 Ng3 27.Ra3 Qf6 28.Ra7 R6e7 29.Qa4 Bh6
30.Ra8 Kg7 31.Rxe8 Rxe8 32.Qa7 Re7 33.Qb8 Kh7 34.Qc8 Kg7 35.b6 Qe6 36.Qb8 Qd7
37.Rf2 Re8 38.Qc7 Qxc7 39.bxc7 Rc8 40.Ra2 Rxc7 41.Kg1 Re7 42.Kf2 g5 43.fxg5 Bxg5
44.Kf3 Kf6 45.Ra8 Ke6 46.Rg8 f6 47.Rd8 Kf7 48.Rb8 Kg7 49.Bc2 Ne4 50.Bd3 Nd2+
51.Ke2 Ne4 52.Kf3 Kf7 53.Rh8 Kg7 54.Rb8 Nc3 55.Nxc3 Rxe3+ 56.Kf2 Rxd3 57.Rxb7+ Kh6
58.Ne2 Be3+ 59.Ke1 Bxd4 60.Nxd4 Rxd4 61.Rc7 Rc4 62.Rxc6 Kg5 63.Kd2 Kf4 64.Kd3 Kg3
65.Rxf6 Rxc5 66.Kd4 Ra5 67.Rg6+ Kh2 68.Rg5 Ra2 69.Kxd5 Rxg2 70.Rxf5 Kxh3
71.Ke4 Rg3 72.Rh5 Ra3 73.Kf4 Rg3 74.Rh8 Rg7 75.Rh6 Rg8 76.Rh7 Rf8+ 77.Ke3 Kg3
78.Rg7+ Kh2 79.Ke2 Rf6 80.Rg8 Rf5 81.Rg7 Rf8 82.Rh7 h3 83.Rg7 Rf6 84.Rg8 Rf5
85.Rg7 Rf8 86.Rg6 Rf4 87.Rg7 Rf5 88.Rg6 Ra5 89.Rg8 Ra3 90.Kf2 Ra2+ 91.Kf1 Rg2
92.Rh8 Kg3 93.Rg8+ Kh2 94.Rh8 Rb2 95.Rh7 Rb3 96.Kf2 Kh1 97.Rh8 Ra3 98.Rh7 h2
99.Re7 Ra2+ 100.Kf1 Rg2 101.Rf7 Rf2+ 102.Kxf2  1/2-1/2

[Event "XXVI Open A"]
[Site "Collado Villalba ESP"]
[Date "2009.08.24"]
[Round "4"]
[White "Ocana Lameiro,O"]
[Black "Alcaraz Amoros,A"]
[Result "0-1"]
[WhiteElo "1878"]
[BlackElo "2135"]

1.d4 d5 2.Nf3 Nf6 3.c4 c6 4.Nc3 a6 5.cxd5 cxd5 6.g3 b5 7.Bg2 Bb7 8.O-O e6
9.Ne5 Nc6 10.f4 Rc8 11.Kh1 g6 12.Be3 h5 13.h3 b4 14.Na4 Ne4 15.Bxe4 dxe4
16.Rc1 Be7 17.Nc5 Bxc5 18.Rxc5 Ne7 19.Qa4+ Kf8 20.Qxb4 Rb8 21.Qa5 Nf5 22.Qa3 Nxg3+
23.Kg2 Nxf1 24.Rc8+ Kg7 25.Rxd8 Nxe3+ 26.Kh2 Rhxd8 27.Qe7 Rf8 28.Nd7 Nd5
29.Qd6 Rbd8 30.Qe5+ f6 31.Qxe6 Rf7 32.Nc5 Re7 33.Qxe7+ Nxe7 34.Ne6+ Kg8 35.Nxd8 Bd5
36.a4 Kf8 37.b4 Ke8  0-1

[Event "6th Open"]
[Site "Kalamaria GRE"]
[Date "2009.08.24"]
[Round "4"]
[White "Pavlovic,MilosM"]
[Black "Iskusnyh,S"]
[Result "1/2-1/2"]
[WhiteElo "2533"]
[BlackElo "2471"]

1.d4 d5 2.c4 c6 3.Nf3 Nf6 4.Nc3 a6 5.e3 e6 6.Qc2 c5 7.cxd5 exd5 8.Be2 cxd4
9.exd4 Nc6 10.Bg5 Be7 11.Rd1 Be6 12.O-O Rc8 13.Ne5 O-O 14.Bf3 Nd7 15.Bxe7 Qxe7
16.Nxc6 Rxc6 17.Rfe1 Qd6 18.Qd2 Rfc8 19.Qg5 h6 20.Qh5 Nf6 21.Qe5 Kf8 22.g3 Nd7
23.Qh5 Nf6 24.Qe5 Nd7 25.Qe2 Nb6 26.Bg4 Qd7 27.Bf3 Qd6 28.Bg2 Qd7 29.Bf3 R6c7
30.Rd3  1/2-1/2

[Event "5th Geller Mem Open A"]
[Site "Odessa UKR"]
[Date "2009.08.24"]
[Round "5"]
[White "Bogdanovich,S"]
[Black "Chepel,N"]
[Result "1-0"]
[WhiteElo "2386"]
[BlackElo "2304"]

1.d4 d5 2.c4 c6 3.Nc3 Nf6 4.Nf3 a6 5.c5 g6 6.h3 Bg7 7.Bf4 O-O 8.e3 Nfd7 9.Rc1 Re8
10.Be2 e5 11.Nxe5 Nxe5 12.Bxe5 Bxe5 13.dxe5 Nd7 14.O-O Rxe5 15.Qd4 Qe7 16.b4 Nf6
17.Bf3 Bf5 18.Qf4 a5 19.a3 axb4 20.axb4 Ra3 21.Qd4 Ne4 22.Bxe4 Bxe4 23.Ra1 Rxa1
24.Rxa1 f6 25.f3 Bf5 26.e4 Be6 27.f4 Rh5 28.f5 Bf7 29.exd5 cxd5 30.Nxd5 Bxd5
31.Qxd5+ Kg7 32.Qe6 Qc7 33.Rd1 Qf4 34.Rd7+ Kh6 35.Rxh7+ Kxh7 36.Qf7+ Kh8
37.Qxf6+ Kg8 38.Qxg6+ Kf8 39.Qxh5 Qc1+ 40.Kf2 Qf4+ 41.Qf3 Qxb4 42.Qd5 Qf4+
43.Ke2 Qb4 44.Qd6+ Kf7 45.Qe6+ Kf8 46.f6 Qb2+ 47.Kf3 Qc3+ 48.Qe3  1-0

[Event "XI Sants Open"]
[Site "Barcelona ESP"]
[Date "2009.08.26"]
[Round "6"]
[White "Almeida Quintana,O"]
[Black "Fargere,Fr"]
[Result "1/2-1/2"]
[WhiteElo "2524"]
[BlackElo "2480"]

1.d4 d5 2.Nf3 Nf6 3.c4 c6 4.Nc3 a6 5.e3 b5 6.c5 g6 7.Ne5 Bg7 8.f4 O-O 9.Be2 Nfd7
10.Nd3 a5 11.h4 Nf6 12.h5 b4 13.Na4 Ne4 14.hxg6 hxg6 15.Nb6 Ra7 16.a3 bxa3
17.Rxa3 Ng3 18.Nxc8 Qxc8 19.Bg4 Nd7 20.Rh3 Ne4 21.Bd2 Qc7 22.Bxd7 Qxd7 23.Bxa5 Qb7
24.b4 Rb8 25.Kf1 Qa6 26.Kg1 Qc4 27.Nf2 Nf6 28.g4 e6 29.g5 Ne4 30.Nxe4 dxe4
31.Qf1 Qd5 32.Rh2 Qf5 33.Raa2 Qd5 34.Ra3 Qf5 35.Rh4 e5 36.dxe5 Bxe5 37.Qe2 Bg7
38.Ra2 Rd7 39.Kg2 Rd3 40.Bc7 Rc8 41.Bd6 Qd5 42.Rh3 Re8 43.Qf2 Rd1 44.Re2 Qd3
45.Ra2  1/2-1/2

[Event "6th Open"]
[Site "Kalamaria GRE"]
[Date "2009.08.27"]
[Round "7"]
[White "Galopoulos,N"]
[Black "Iskusnyh,S"]
[Result "1/2-1/2"]
[WhiteElo "2255"]
[BlackElo "2471"]

1.d4 d5 2.c4 c6 3.Nf3 Nf6 4.Nc3 a6 5.c5 Bf5 6.Bf4 Nbd7 7.e3 Nh5 8.Nh4 Nxf4
9.Nxf5 Ng6 10.Be2 e6 11.Ng3 Be7 12.O-O O-O 13.b4 Qc7 14.Qc2 b6 15.cxb6 Nxb6
16.a3 a5 17.Rab1 axb4 18.axb4 Rfc8 19.Rfc1 Qd8 20.Qb3 Bd6 21.Rc2 Ne7 22.Ra2 Rxa2
23.Nxa2 Rb8 24.Qc2 Nd7 25.b5 c5 26.dxc5 Bxc5 27.Nb4 Bxb4 28.Rxb4 Rc8 29.Qd1 Nb6
30.e4 Qd6 31.Qd2 Qc5 32.exd5 Qc1+ 33.Qxc1 Rxc1+ 34.Bf1 Nexd5 35.Rb2 Nc3 36.Ne2 Rb1
37.Rd2 Nxe2+ 38.Rxe2 g5 39.Rc2 Kg7 40.g3 Kf6 41.Kg2 Nd7 42.Bd3 Ne5 43.Bxh7 Rxb5
44.Be4 Ke7 45.Re2 Ra5 46.h3 Kf6 47.Rc2 Ra4 48.Bf3 Rb4 49.Re2 Rd4 50.Be4 Nc4
51.Bf3 Nd6 52.Ra2 Rb4 53.Re2 Ke7 54.g4 Rd4 55.Re1 Rb4 56.Re3 Rb2 57.Re5 Kf6
58.Rc5 Rd2 59.Rc1 Ra2 60.Rd1 Nc4 61.Re1 Rd2 62.Re2 Rd4 63.Rc2 Ne5 64.Rc3 Ng6
65.Kg3 Nh4 66.Bc6 Ke7 67.Ba8 Ra4 68.Bc6 Rb4 69.Ba8 Ng6 70.Re3 Rc4 71.Bd5 Rb4
72.Be4 Nh4 73.Bc2 Rc4 74.Bd3 Rb4 75.Bc2 Rb8 76.Be4 Rb4 77.Bc2 Kf6 78.Rb3 Rd4
79.Bd3 Kg7 80.Bc2 Rc4 81.Bd3 Rc1 82.Be4 Re1 83.Bb7 Ng6 84.Bc6 Rg1+ 85.Kh2 Rc1
86.Be4 Nf4 87.Kg3 Rc8 88.Ra3 Rc4 89.Ba8 Rb4 90.h4 Ne2+ 91.Kf3 Nd4+ 92.Kg3 gxh4+
93.Kxh4 f5 94.Kg5 Nb5 95.Rg3 Nd6 96.gxf5 Nxf5 97.Ra3 Nh6 98.f4 Nf7+ 99.Kg4 e5
100.Rf3 Nd6 101.Kg5 Ra4 102.Bc6 Ra6 103.Rc3 Nf7+ 104.Kf5 exf4 105.Kxf4  1/2-1/2

[Event "XI Sants Open"]
[Site "Barcelona ESP"]
[Date "2009.08.30"]
[Round "10"]
[White "Grigoriants,S RUS"]
[Black "Fargere,Fr"]
[Result "1/2-1/2"]
[WhiteElo "2564"]
[BlackElo "2480"]

1.d4 d5 2.c4 c6 3.Nc3 Nf6 4.Nf3 a6 5.c5 Nbd7 6.Bf4 g6 7.h3 Bg7 8.e3 O-O 9.Be2 Ne8
10.O-O Nc7 11.b4 Re8 12.Bg5 a5 13.a3 b6 14.Na4 Ne6 15.Bh4 Ba6 16.Bxa6 Rxa6
17.cxb6 Nxb6 18.Nc5  1/2-1/2

[Event "ch-RUS HL"]
[Site "Ulan Ude RUS"]
[Date "2009.09.03"]
[Round "2"]
[White "Yaksin,O"]
[Black "Volkov,Sergey1"]
[Result "1/2-1/2"]
[WhiteElo "2385"]
[BlackElo "2616"]

1.d4 d5 2.c4 c6 3.Nf3 Nf6 4.Nc3 a6 5.cxd5 cxd5 6.Ne5 e6 7.Bf4 Nh5 8.Bd2 Be7
9.e4 Nf6 10.exd5 exd5 11.Bd3 O-O 12.O-O b5 13.Rc1 Bb7 14.Re1 Nbd7 15.a4 b4
16.Na2 Nxe5 17.dxe5 Ne4 18.Bxe4 dxe4 19.Bxb4 Bxb4 20.Qxd8 Rfxd8 21.Nxb4 Rd4
22.Nc2 Rxa4 23.Ne3 Rb4 24.Rc7 Rd8 25.Nc4 h6 26.h3 Rd3 27.Ra1 e3 28.Nxe3 Rxb2
29.Rac1 Rdb3 30.Nc4 Rb1 31.Na5 Rb5 32.Nxb7 Rxb7 33.Rxb7 Rxc1+ 34.Kh2 a5 35.Ra7 Rc5
36.f4 g5 37.Kg3 Rb5  1/2-1/2

[Event "4th Xtracon Skovbo"]
[Site "Borup DEN"]
[Date "2009.09.04"]
[Round "1"]
[White "Meyer,L"]
[Black "Bromann,T"]
[Result "1-0"]
[WhiteElo "2268"]
[BlackElo "2432"]

1.d4 d5 2.c4 c6 3.Nf3 Nf6 4.Nc3 a6 5.c5 Nbd7 6.Bf4 Nh5 7.e3 g6 8.Be2 Nxf4
9.exf4 Bg7 10.O-O O-O 11.Qc2 Qc7 12.g3 f6 13.Na4 e5 14.fxe5 fxe5 15.Ng5 Re8
16.Bd3 e4 17.Bxe4 Rxe4 18.Nxe4 dxe4 19.Rae1 Nf6 20.Nb6 Rb8 21.f3 Bh3 22.Rf2 Re8
23.fxe4 Ng4 24.Qc4+ Kh8 25.Rf3 Qd8 26.e5 Qg5 27.Qc1 Qh5 28.Qd1 Bg2 29.Kxg2 Qxh2+
30.Kf1 Qh1+ 31.Ke2 Qg2+ 32.Kd3 Nf2+ 33.Rxf2 Qxf2 34.Rf1 Qxb2 35.Qc2 Qb5+
36.Nc4 Rd8 37.Rb1 Qxc5 38.Nd6 Qd5 39.Rxb7 Rf8 40.Qc4 Qf3+ 41.Kc2 h6 42.Rf7 Qg2+
43.Kb3 Rb8+ 44.Rb7 Qxg3+ 45.Ka4 Rxb7 46.Nxb7 Qf3 47.Nd8 Bf8 48.Ka5 h5 49.Nxc6 h4
50.d5 h3 51.d6 h2 52.d7 Qa3+ 53.Kb6 h1=Q 54.d8=Q Qg1+ 55.Kc7 Qf2 56.Qe6 Qfc5
57.Qef6+ Kh7 58.Qf7+ Bg7 59.Qh4+  1-0